000 00681nam a2200241Ia 4500
003 OSt
005 20221007110213.0
006 a|||||r|||| 00| 0
007 ta
008 221006b |||||||| |||| 00| 0 eng d
024 _a20,600
037 _cTextual
040 _aLCO
_cLCO
_beng
041 _2eng
_aeng
082 _aZ1,3, L1
100 _aZemanek K. Ed.
_9707213
245 0 _aAgreements of International Organizations and the Vienna Convention on the Law of Treaties
260 _aNew
_byork Springer-Verlag USA
_c1971
300 _a268
650 _aAGREEMENTS
_9707214
942 _hZ1,3, L1
_cTEXL
999 _c1190163
_d1190163